Singapore Groups of Three - Statistics

General Stats
  • This quiz has been taken 74 times
  • The average score is 18 of 36
Answer Stats
Hint Answer % Correct
Prime Ministers Lee Kuan Yew
93%
Main racial groups Malay
91%
Cambridge examinations Normal Level
91%
Cambridge examinations Advanced Level
90%
Main racial groups Chinese
90%
Prime Ministers Lee Hsien Loong
90%
Types of housing HDB flats
88%
Cambridge examinations Ordinary Level
88%
Main racial groups Indian
87%
Secondary School streams Normal Academic
84%
Secondary School streams Express
81%
Types of housing Landed property
81%
Types of housing Condominiums
78%
Secondary School streams Normal Technical
78%
Prime Ministers Goh Chok Tong
72%
ITE Colleges East
69%
ITE Colleges Central
68%
ITE Colleges West
68%
Branches of government Legislative
44%
Branches of government Judiciary
43%
Branches of government Executive
35%
Early amusement parks Great World
24%
Early amusement parks Gay World
21%
Army Combined Arms Divisions 3 Div
13%
Army Combined Arms Divisions 6 Div
13%
Army Combined Arms Divisions 9 Div
13%
COVID-19 phases Phase 2: Safe Transition
12%
Early amusement parks New World
10%
COVID-19 phases Phase 1: Safe Re-opening
10%
COVID-19 phases Phase 3: Safe Nation
10%
Non-Constituent Members of Parliament Daniel Goh Pei Siong
7%
Non-Constituent Members of Parliament Dennis Tan Lip Fong
6%
Non-Constituent Members of Parliament Leon Perera
6%
Members of OkLetsGo Dyn Norahim
4%
Members of OkLetsGo Dzar Ismail
4%
Members of OkLetsGo Raja Razie
4%
No matching quizzes found
Score Distribution
Percent of People with Each Score
Percentile by Number Answered
Your Score History
You have not taken this quiz